000
00405nam a2200157Ia 4500
008
100122s9999 xx 000 0 und d
082
_b
73196
_a
823
100
_a
जोशी रत्नप्रभा
245
_a
शिखंडी
250
_a
2
260
_b
पुनर्वसु
_c
2007
300
_a
128
630
_a
शिखंडी
730
_a
शिखंडी
942
_c
BOOK
999
_c
389141
_d
389138